| 000 | 00913nam a2200265 a 4500 | ||
|---|---|---|---|
| 001 | BRCA_5565 | ||
| 005 | 20190320205132.0 | ||
| 008 | 180211s1934----mx-a######---#000-0#spa-# | ||
| 041 | _aspa | ||
| 044 | _amx | ||
| 050 | 4 |
_aNA753 _b.B39 1934 |
|
| 100 | 1 |
_aBaxter, Silvestre _914198 |
|
| 245 | 1 | 0 |
_aLa arquitectura hispano colonial en México _cSilvestre Baxter ; introducción y notas de Manuel Toussaint ; traducción de Federico E. Mariscal ... [et al.] |
| 260 |
_aMéxico _bDepto. de Bellas Artes _c1934 |
||
| 300 |
_axxvii, 219 p. _bil., 156 láminas _c28 cm. |
||
| 500 | _aF40 | ||
| 650 | 1 | 4 |
_aArquitectura _zMéxico _9596 |
| 650 | 1 | 4 |
_aArquitectura colonial _97560 |
| 650 | 1 | 4 |
_aArquitectura _xHistoria _91467 |
| 650 | 1 | 4 |
_aArquitectura religiosa _zMéxico _924 |
| 700 | 1 |
_aMariscal, Felipe E., Leon Felipe (et al.) _etrad. _914199 |
|
| 700 | 1 |
_aToussaint, Manuel _96793 |
|
| 902 | _aGFM | ||
| 942 |
_2lcc _cB |
||
| 999 |
_c5259 _d5259 |
||